LEADER 01338nam--2200433---450- 001 990000582250203316 005 20050512160026.0 010 $a88-399-1368-8 035 $a0058225 035 $aUSA010058225 035 $a(ALEPH)000058225USA01 035 $a0058225 100 $a20010724d1998----km-y0itay0103----ba 101 $aita 102 $aIT 105 $a||||||||001yy 200 1 $aVita che nasce dalla morte$eprediche per il tempo di Quaresima e di Pasqua$fEugen Drewermann$ga cura di Bernd Marz 210 $aBrescia$cQueriniana$d1998 215 $a530 p.$d20 cm 225 2 $aSpiritualità$v68 300 $aTrad. di Annapaola Laldi 312 $aLeben, das dem Tod entwächst 410 $12001$aSpiritualità$v68 454 $12001$aLeben, das dem Tod entwächst$928477 676 $a252.62 700 1$aDREWERMANN,$bEugen$0238394 702 1$aMARZ,$bBernd 801 0$aIT$bsalbc$gISBD 912 $a990000582250203316 951 $aII 2 1861(XIV 901)$b143353 LM$cXIV 959 $aBK 969 $aUMA 979 $aPATTY$b90$c20010724$lUSA01$h1253 979 $aPATTY$b90$c20010724$lUSA01$h1304 979 $c20020403$lUSA01$h1707 979 $aPATRY$b90$c20040406$lUSA01$h1640 979 $aCOPAT6$b90$c20050512$lUSA01$h1600 996 $aLeben, das dem Tod entwächst$928477 997 $aUNISA LEADER 01128nam--2200325---450 001 990005996510203316 005 20190326115948.0 010 $a978-1-4398-1906-7 100 $a20150115d2010----km-y0itay50------ba 101 $aita 102 $aIT 105 $aa---||||001yy 200 1 $aAdvanced electroporation techniques in biology and medicine$fedited by Andrei G. Pakhomov, Damijan Miklav?i?, Marko S. Markov 210 $aBoca Raton$cCRC Press$d2010 215 $aXIX, 507$cill.$d26 cm 225 2 $aBiological effects of electromagnetics Series 410 01$a2001$aBiological effects of electromagnetics Series 606 0 $aElettrofisiologia$2BNCF 606 0 $aElettrostimolazione$xImpiego [in] Biologia [e] Medicina$2BNCF 676 $a572.437 702 1$aPAKHOMOV,$bAndrei G. 702 1$aMIKLAV?I?,$bDamijan 702 1$aMARKOV,$bMarkov S. 801 0$aIT$bsalbc$gISBD 912 $a990005996510203316 951 $a572.437 ADV 1$b23314 Ing.$c572.437 ADV$d00333371 959 $aBK 969 $aTEC 996 $aAdvanced electroporation techniques in biology and medicine$91549244 997 $aUNISA